000 00436nam a2200157Ia 4500
008 210716s2009 xx 000 0 und d
020 _a9780074602171
041 _aeng
082 _a658.40068 KHAP
100 _aKhandwalla, Pradip N.
245 _aOrganizational designs for excellence.
250 _a1
260 _aNew Delhi
_bTata McGraw Hill Education Private Limited
_c2009
300 _ax,330
650 _aOrganization Design
999 _c211060
_d211060